東西南北端の地下鉄駅 - Statistics

General Stats
  • This quiz has been taken 184 times
  • The average score is 23 of 36
Answer Stats
Answer % Correct
本八幡
84%
西高島平
80%
光が丘
78%
西馬込
78%
湘南台
72%
湘南台
72%
あざみ野
72%
竹田
70%
なかもず
70%
国際会館
70%
泉中央
69%
新さっぽろ
68%
太秦天神川
68%
真駒内
68%
名古屋港
67%
山科
66%
福岡空港
66%
藤が丘
65%
西神中央
65%
貝塚
65%
上小田井
63%
谷上
63%
荒井
61%
日吉
61%
新神戸
61%
橋本
59%
八田
58%
富沢
58%
門真南
57%
宮の沢
52%
栄町
51%
井高野
51%
夢洲
48%
青葉山
46%
駒ヶ林
26%
梅林
22%
No matching quizzes found
Score Distribution
Percent of People with Each Score
Percentile by Number Answered
Your Score History
You have not taken this quiz